| 000 | 00339nam a2200145Ia 4500 | ||
|---|---|---|---|
| 008 | 230312s9999||||xx |||||||||||||| ||und|| | ||
| 020 | _a9780070583887 | ||
| 082 |
_a610.28 _bRED-B |
||
| 100 | _aReddy, D C | ||
| 245 | 0 | _aBiomedical Signal Processing | |
| 260 | _bTata McGraw Hill | ||
| 546 | _aEng. | ||
| 650 | _aEngineering | ||
| 942 | _cBK | ||
| 999 |
_c6193 _d6193 |
||